000 00471nam a2200193Ia 4500
999 _c30770
_d30770
003 0100
005 20190711115330.0
008 130303s9999 xx 000 0 und d
040 _cARRUPELIB
050 _aHD58.7.H87 1977
100 _aHuse, Edgar F
_946910
245 _aBehavior in Organizations
245 _ba systems approach to managing
260 _aMassachusetts
_bAddison-Wesley Inc
_c1973
300 _a495p.
300 _b 23 cm
650 _aOrganizational behavior
_xOrganization
_946911
700 _aBowditch, James L
_946912
942 _2lcc
_cMONOGRAPH